| 000 | 00934cam a2200277 4500 | ||
|---|---|---|---|
| 001 | ABS62405 | ||
| 008 | 000000n2000 000 0 eng u | ||
| 035 | _a(Sirsi) u106614 | ||
| 100 | _aDemetri, G. | ||
| 245 | _aDesign the future | ||
| 260 | _c2000 | ||
| 490 |
_aContract Journal _v404(6281) 14 June 2000, 16-29(10) |
||
| 520 | _aA series of articles which discuss cost cutting in construction by means of more efficient procurement methods, supply chain management, and the importance of maintenance considerations in the design process. | ||
| 590 | _aABS | ||
| 650 | _aDESIGN PROCESS | ||
| 650 | _aPROCUREMENT METHODS | ||
| 650 | _aPRIME CONTRACTING | ||
| 650 | _aSUPPLY CHAIN MANAGEMENT | ||
| 650 | _aCOMMISSION FOR ARCHITECTURE AND THE BUILT ENVIRONMENT | ||
| 650 | _aDESIGN QUALITY | ||
| 690 | _aBUILT ENVIRONMENT | ||
| 700 | _aNunn, D. | ||
| 700 | _aFaulkner, G. | ||
| 700 | _aAtkinson, J. | ||
| 942 | _n0 | ||
| 999 |
_c63839 _d63839 |
||